000
00227nam a2200097Ia 4500
100
_a
Nathan Winter
250
_a
2012 Ed.
942
_c
BK
245
_a
Mastering Microsoft lync Server 2010
260
_a
Wiley India Ltd. New Delhi
999
_c
423770
_d
423770